| 000 | 00706nmm a2200217Ia 4500 | ||
|---|---|---|---|
| 008 | 251105s9999||||xx |||||||||||||||||und|| | ||
| 020 | _a9788475220710 | ||
| 041 | _aspa | ||
| 100 | _aBarnatán, Marcos Ricardo | ||
| 245 | 0 |
_aEl Pesanervios : _b El ombligo de los limbos. El pesa-nervios. Fragmento de un diario del infierno |
|
| 264 |
_a[Madrid, España] : _bVisor Libros, _c2014 |
||
| 300 | _a98 páginas | ||
| 490 | _aVisor de Poesía | ||
| 650 | _aFrench poetry | ||
| 700 | _aBarnatán, Marcos Ricardo | ||
| 700 | 1 | _a Barnatán, Marcos Ricardo | |
| 700 | 1 | _a Barnatán, Marcos Ricardo | |
| 700 | 1 | _a Artaud, Antonin | |
| 856 | _uhttps://public.digitaliapublishing.com/a/76747 | ||
| 942 | _cCF | ||
| 999 |
_c62522 _d62522 |
||